Construcción de indicadores de seguridad alimentaria a nivel de los hogares (Registro nro. 22804)

Detalles MARC
000 -LEADER
fixed length control field 00350 a2200109 4500
001 - CONTROL NUMBER
control field ART_6680
005 - DATE AND TIME OF LATEST TRANSACTION
control field 20260410161826.0
008 - FIXED-LENGTH DATA ELEMENTS--GENERAL INFORMATION
fixed length control field 260409a
100 1# - MAIN ENTRY--PERSONAL NAME
Personal name Gentile, Natacha
245 10 - TITLE STATEMENT
Title Construcción de indicadores de seguridad alimentaria a nivel de los hogares
773 0# - HOST ITEM ENTRY
Title FACES
Related parts - Año 12, Nº 26 (may./ago.2006)
Record control number REV5046

No hay ítems disponibles.